Normal view
MARC view
- Wright, Stephen J., Benjamin Recht
Entry Personal Name
001 - CONTROL NUMBER
- control field: 6575
003 - CONTROL NUMBER IDENTIFIER
- control field: JO-AjAnu
005 - DATE AND TIME OF LATEST TRANSACTION
- control field: 20230606071351.0
008 - FIXED-LENGTH DATA ELEMENTS
- fixed length control field: 230606|| aca||aabn | a|a d
040 ## - CATALOGING SOURCE
- Original cataloging agency: JO-AjAnu
- Transcribing agency: JO-AjAnu
100 ## - HEADING--PERSONAL NAME
- Personal name: Wright, Stephen J., Benjamin Recht
670 ## - SOURCE DATA FOUND
- Source citation: Work cat.: (JO-AjAnu)3408: Wright, Stephen J., Benjamin Recht, author, Optimization for Data Analysis